[Event "Tyler's first tournament-join and enjoy the games!"]
[Site "SchemingMind.com"]
[Date "2005.05.06"]
[Round "-"]
[White "Scarian"]
[Black "Gordon"]
[Result "0-1"]
[WhiteCountry "GBR"]
[BlackCountry "ENG"]
[WhiteElo "1763"]
[WhiteRD "76"]
[BlackElo "2243"]
[BlackRD "65"]
[GameID "14122"]

1. e4 c5 2. Nf3 d6 3. d4 cxd4 4. Nxd4 Nf6 5. Nc3 g6 6. Bb5+ Bd7 7. e5 dxe5 8. Nf3 a6 9. Bc4 Qc7 10. Qe2 Nc6
11. Ng5 e6 12. Qf3 Be7 13. Bd3 Nd4 14. Qh3 Nd5 15. O-O h5 16. Qg3 Nf4 17. Nh3 Nxd3 18. cxd3 Qxc3 19. bxc3 Ne2+ 20. Kh1 Nxg3+
21. fxg3 O-O 22. Bh6 Rfc8 23. Bd2 f6 24. Nf2 Kg7 25. g4 hxg4 26. Nxg4 g5 27. Rf2 Bb5 28. Rb1 Bc6 29. Be3 e4 30. Rbf1 Rf8
31. dxe4 Bxe4 32. Bd4 e5 33. Re1 Bg6 34. Bb6 Rac8 35. Ba5 Bc5 36. Rd2 b6 37. Bb4 Bxb4 38. cxb4 Rc4
0-1

[Event "Tyler's first tournament-join and enjoy the games!"]
[Site "SchemingMind.com"]
[Date "2005.05.06"]
[Round "-"]
[White "Scarian"]
[Black "David53"]
[Result "1-0"]
[WhiteCountry "GBR"]
[BlackCountry "GER"]
[WhiteElo "1978"]
[WhiteRD "92"]
[BlackElo "1509"]
[BlackRD "99"]
[GameID "14123"]

1. e4 e5 2. Nf3 Nc6 3. Nc3 d6 4. Bc4 h6 5. Bb5 Be7 6. d4 Bd7 7. dxe5 dxe5 8. Bxc6 bxc6 9. Nxe5 Nf6 10. O-O O-O
11. Nxd7 Nxd7 12. Qg4 Nf6 13. Qg3 Kh7 14. Rd1 Qc8 15. e5 Nd7 16. Qd3+ g6 17. Qxd7 Bh4 18. Qxc6 Qf5 19. g3 Qg4 20. f3 Qg5
21. Bxg5
1-0

[Event "Tyler's first tournament-join and enjoy the games!"]
[Site "SchemingMind.com"]
[Date "2005.05.06"]
[Round "-"]
[White "Scarian"]
[Black "Claude"]
[Result "1-0"]
[WhiteCountry "GBR"]
[BlackCountry "ROU"]
[WhiteElo "1978"]
[WhiteRD "92"]
[BlackElo "1685"]
[BlackRD "82"]
[GameID "14124"]

1. d4 Nf6 2. c4 e6 3. Nf3 b6 4. Nc3 Bb7 5. e3 Be7 6. Bd3 O-O 7. O-O Nc6 8. e4 Na5 9. a3 c5 10. e5 cxd4
11. exf6 Bxf6 12. Ne4 Bxe4 13. Bxe4 Rc8 14. b3 d5 15. cxd5 exd5 16. Bf5 Rc3 17. Nxd4 Rc7 18. Bb2 Re8 19. Qd3 Nb7 20. Bxh7+ Kh8
21. Qh3
1-0

[Event "Tyler's first tournament-join and enjoy the games!"]
[Site "SchemingMind.com"]
[Date "2005.05.06"]
[Round "-"]
[White "Scarian"]
[Black "kemboiipoorfather"]
[Result "1-0"]
[WhiteCountry "GBR"]
[BlackCountry "ENG"]
[WhiteElo "1978"]
[WhiteRD "92"]
[BlackElo "1135"]
[BlackRD "114"]
[GameID "14126"]

1. e4 e5 2. Nf3 Qf6 3. d4 Nc6 4. d5 Nb4 5. Be3 Nh6 6. a3 Na6 7. Bd2 g5 8. Bxg5 Qg6 9. Nc3 Bc5 10. Bxh6 Qxh6
11. Nxe5 Qf6 12. Ng4 d6 13. Nxf6+ Kf8 14. Qd2 Bd4 15. Qxd4 c5 16. dxc6 Rg8 17. Qxd6+ Kg7 18. Nh5+
1-0

[Event "Tyler's first tournament-join and enjoy the games!"]
[Site "SchemingMind.com"]
[Date "2005.05.01"]
[Round "-"]
[White "Tyler"]
[Black "Scarian"]
[Result "0-1"]
[WhiteCountry "SUI"]
[BlackCountry "GBR"]
[WhiteElo "1749"]
[WhiteRD "78"]
[BlackElo "2031"]
[BlackRD "87"]
[GameID "14127"]

1. c4 Nf6 2. Nc3 e5 3. g3 Nc6 4. Bg2 Bc5 5. Nf3 e4 6. Ng5 Bxf2+ 7. Kxf2 Ng4+ 8. Kg1 Qxg5 9. Nxe4 Qg6 10. b3 O-O
11. Bb2 Re8 12. Nf2 d5 13. Bxd5 Nxf2 14. Kxf2 Bg4 15. Bf3 Bxf3 16. exf3 Nb4 17. Bc3 Nd3+ 18. Kg2 Re7 19. Bd4 f5 20. Bf2 Rae8
21. Rf1 Re2 22. Qc2 f4 23. Qc3 fxg3 24. hxg3 Nf4+ 25. Kg1 Rxf2 26. Rxf2 Qxg3+ 27. Kf1 Qh3+ 28. Kg1 Ne2+
0-1

[Event "Tyler's first tournament-join and enjoy the games!"]
[Site "SchemingMind.com"]
[Date "2005.05.02"]
[Round "-"]
[White "cnbcad"]
[Black "Scarian"]
[Result "0-1"]
[WhiteCountry "USA"]
[BlackCountry "GBR"]
[WhiteElo "1540"]
[WhiteRD "57"]
[BlackElo "1978"]
[BlackRD "92"]
[GameID "14128"]

1. e4 c5 2. Nf3 Nc6 3. d3 Nf6 4. Be2 e5 5. O-O d5 6. exd5 Nxd5 7. Re1 Be7 8. c4 Nc7 9. d4 exd4 10. Bd3 O-O
11. a3 Re8 12. b4 cxb4 13. axb4 Bxb4 14. Nbd2 Rxe1+ 15. Qxe1 Bc3 16. Ra3 Bg4 17. Qe4 f5 18. Qf4 Ne6 19. Qe3 dxe3
0-1

[Event "Tyler's first tournament-join and enjoy the games!"]
[Site "SchemingMind.com"]
[Date "2005.05.01"]
[Round "-"]
[White "Gordon"]
[Black "Scarian"]
[Result "1/2-1/2"]
[WhiteCountry "ENG"]
[BlackCountry "GBR"]
[WhiteElo "2128"]
[WhiteRD "59"]
[BlackElo "2031"]
[BlackRD "87"]
[GameID "14129"]

1. e4 c5 2. Nf3 Nc6 3. d4 cxd4 4. Nxd4 Nf6 5. Nc3 e5 6. Ndb5 Bb4 7. Nd6+ Ke7 8. Nf5+ Kf8 9. Bd2 d5 10. exd5 Bxc3
11. bxc3 Bxf5 12. dxc6 bxc6 13. Bc4 Ne4 14. Bd3 Bg6 15. Be3 Nxc3 16. Qg4 Kg8 17. Qc4 e4 18. Qxc3 exd3 19. Rd1 Qf6 20. Qxf6 gxf6
21. cxd3 Kg7 22. Kd2 Rhd8 23. Kc3 Rd5 24. Rhe1 Ra5 25. Re2 Ra3+ 26. Kc4 Rd8 27. Red2 Ra5 28. Kb4 Rb5+ 29. Kc3 Bf5 30. a4 Ra5
31. Ra1 h5 32. Kb4 Ra6 33. a5 Rb8+ 34. Kc3 Rb5=
1/2-1/2

[Event "Tyler's first tournament-join and enjoy the games!"]
[Site "SchemingMind.com"]
[Date "2005.05.01"]
[Round "-"]
[White "David53"]
[Black "Scarian"]
[Result "0-1"]
[WhiteCountry "GER"]
[BlackCountry "GBR"]
[WhiteElo "1509"]
[WhiteRD "99"]
[BlackElo "1978"]
[BlackRD "92"]
[GameID "14130"]

1. e4 e5 2. Nf3 Nf6 3. Bc4 Nc6 4. Ng5 d5 5. exd5 Nxd5 6. Qf3 Qxg5 7. Bxd5 Nd4 8. Qxf7+ Kd8 9. O-O Nxc2 10. d4 Qe7
11. Qh5 h6 12. dxe5 Nxa1 13. Rd1 c6 14. e6 g5 15. Bxc6+ Kc7 16. Bd7 Bg7 17. Qg4 Be5 18. Nc3 Kb8 19. Nd5 Bd6 20. Be3 Qg7=
21. Nb6 axb6 22. Rxd6 Qe5 23. Rd1 Nc2 24. Bxb6 Ra6
0-1

[Event "Tyler's first tournament-join and enjoy the games!"]
[Site "SchemingMind.com"]
[Date "2005.05.01"]
[Round "-"]
[White "Claude"]
[Black "Scarian"]
[Result "0-1"]
[WhiteCountry "ROU"]
[BlackCountry "GBR"]
[WhiteElo "1685"]
[WhiteRD "82"]
[BlackElo "1978"]
[BlackRD "92"]
[GameID "14131"]

1. d4 Nf6 2. Nf3 d5 3. Bf4 Nc6 4. Nc3 Nh5 5. Bg3 Nxg3 6. hxg3 Bf5 7. Nh4 Bg4 8. Nf3 e6 9. e4 dxe4 10. Nxe4 Bxf3
11. gxf3 f5 12. Nc5 Qxd4 13. Nxe6 Qe5+ 14. Qe2 Qxe2+ 15. Bxe2 Kf7 16. Bc4 Kg6 17. Nxc7 Rc8 18. Nd5 Nb4 19. Bb3 Nxd5 20. Bxd5 Rxc2
21. O-O Be7 22. Rfe1 Bf6 23. Rab1 Rf8 24. Re6 Rd8 25. Bxb7 Rdd2 26. Ra6 Rxf2 27. f4 Kh5 28. Rxa7 Bd4 29. Ra3 Rg2+ 30. Kf1 Rg1#
0-1

[Event "Tyler's first tournament-join and enjoy the games!"]
[Site "SchemingMind.com"]
[Date "2005.05.01"]
[Round "-"]
[White "kemboiipoorfather"]
[Black "Scarian"]
[Result "0-1"]
[WhiteCountry "ENG"]
[BlackCountry "GBR"]
[WhiteElo "1135"]
[WhiteRD "114"]
[BlackElo "1978"]
[BlackRD "92"]
[GameID "14133"]

1. e4 c5 2. c4 g6 3. Nh3 Bg7 4. Ng5 d6 5. Qf3 Nf6 6. Na3 h6 7. Nh3 Qa5 8. Nb5 Nc6 9. Qc3 Nb4 10. e5 Ng4
11. a3 Bf5 12. axb4 Qxa1 13. Nc7+ Kd8 14. Nxa8 cxb4 15. Qxb4 Qxc1+ 16. Ke2 Bc2 17. Qa5+ b6 18. Nxb6 Qd1#
0-1

[Event "Tyler's first tournament-join and enjoy the games!"]
[Site "SchemingMind.com"]
[Date "2005.05.01"]
[Round "-"]
[White "inexorable"]
[Black "Scarian"]
[Result "1-0"]
[WhiteCountry "USA"]
[BlackCountry "GBR"]
[WhiteElo "1987"]
[WhiteRD "114"]
[BlackElo "1763"]
[BlackRD "76"]
[GameID "14134"]

1. e4 e5 2. Bc4 Nf6 3. d4 Nxe4 4. dxe5 Nc5 5. Be3 Qh4 6. Qe2 Ne6 7. Nf3 Qg4 8. O-O Nc6 9. Nc3 Bb4 10. h3 Qh5
11. Nd5 Be7 12. Rad1 Bd8 13. Kh2 g5 14. g4 Qg6 15. Bd4 h5 16. Bd3 Ncxd4 17. Nxd4 Nxd4 18. Qe3 Nxc2 19. Qd2
1-0

[Event "Tyler's first tournament-join and enjoy the games!"]
[Site "SchemingMind.com"]
[Date "2005.05.01"]
[Round "-"]
[White "inexorable"]
[Black "Tyler"]
[Result "1-0"]
[WhiteCountry "USA"]
[BlackCountry "SUI"]
[WhiteElo "1987"]
[WhiteRD "114"]
[BlackElo "1763"]
[BlackRD "93"]
[GameID "14135"]

1. e4 c5 2. Nf3 Nc6 3. d4 cxd4 4. Nxd4 d6 5. c4 g6 6. Be3 Bg7 7. Nc3 Nf6 8. Be2 Bd7 9. O-O O-O 10. Qd2 Rc8
11. f3 a6 12. Rac1 Re8 13. Rfd1 Ne5 14. b3 Qa5 15. Bf1 Nc6 16. Qf2 Nxd4 17. Bxd4 b5 18. Rc2 bxc4 19. Bxc4 Bb5 20. Nxb5 axb5
21. Bf1 Rxc2 22. Qxc2 Ra8 23. Qc6 b4 24. Rd2 h5 25. Rc2 Nh7 26. Bb6 Qa3 27. Qd5 Nf6 28. Qd2 Nd7 29. Be3 Bc3 30. Qd5 Nf6
31. Qb7 e6 32. Bb5 Kg7 33. Ba4 Rxa4 34. bxa4 Qxa4 35. Rf2 Qd1+ 36. Rf1 Qe2 37. Qb6 Qd3 38. Bf2 Nd7 39. Qe3 Qc2 40. Be1 Bxe1
41. Rxe1 Qc5 42. Qxc5 dxc5 43. Rd1 Ne5 44. Kf1 c4 45. Ke2 c3 46. Rd4 Nc6 47. Rc4
1-0

[Event "Tyler's first tournament-join and enjoy the games!"]
[Site "SchemingMind.com"]
[Date "2005.05.01"]
[Round "-"]
[White "inexorable"]
[Black "cnbcad"]
[Result "1-0"]
[WhiteCountry "USA"]
[BlackCountry "USA"]
[WhiteElo "1904"]
[WhiteRD "138"]
[BlackElo "1425"]
[BlackRD "52"]
[GameID "14136"]

1. e4 e5 2. Bc4 c6 3. d4 b5 4. Bb3 Nf6 5. dxe5 Nxe4 6. Bxf7+ Kxf7 7. Qf3+ Nf6 8. exf6 Qxf6 9. Bg5 Qxf3 10. Nxf3 h6
11. Ne5+ Kg8 12. Be3 Bd6 13. Ng6 Rh7 14. Nd2 Kf7 15. Nf4 Bb7 16. Ne4 Bxf4 17. Bxf4 Rh8 18. Nd6+ Kg6 19. Nxb7 a5 20. O-O-O Rf8
21. Be3 Rf6 22. Rd6 Rxd6 23. Nxd6 Na6 24. Rd1 a4 25. a3 c5 26. Rd5 b4 27. Bxc5 Nxc5 28. Rxc5 Ra6 29. Ne4 b3 30. cxb3 axb3
31. Rc3 d5 32. Nc5 Rf6 33. f3 d4 34. Rxb3 Rc6 35. Rb5 d3 36. Kd2
1-0

[Event "Tyler's first tournament-join and enjoy the games!"]
[Site "SchemingMind.com"]
[Date "2005.05.01"]
[Round "-"]
[White "inexorable"]
[Black "Gordon"]
[Result "0-1"]
[WhiteCountry "USA"]
[BlackCountry "ENG"]
[WhiteElo "1919"]
[WhiteRD "123"]
[BlackElo "2193"]
[BlackRD "62"]
[GameID "14137"]

1. e4 c5 2. Nf3 d6 3. d4 cxd4 4. Nxd4 Nf6 5. Nc3 g6 6. Be3 Bg7 7. f3 O-O 8. Qd2 Nc6 9. Bc4 Bd7 10. O-O-O Rc8
11. Bb3 Ne5 12. Kb1 Re8 13. h4 h5 14. g4 hxg4 15. Bh6 Nh5 16. Bxg7 Kxg7 17. f4 Nc4 18. Bxc4 Rxc4 19. f5 Qa5 20. fxg6 fxg6
21. Nf5+ Bxf5 22. Qg5 Ng3 23. Rd5 Nxe4 24. Rxa5 Nxg5 25. hxg5 a6 26. Ra4 Rxa4 27. Nxa4 Rh8 28. Rxh8 Kxh8 29. Nc3 g3 30. Ne2 g2
31. Kc1 e5 32. Kd2 d5 33. c3 Kg7 34. Ke3 Kf7 35. Kf2 Be4 36. Ng3 Ke6 37. a3 Bf3
0-1

[Event "Tyler's first tournament-join and enjoy the games!"]
[Site "SchemingMind.com"]
[Date "2005.05.01"]
[Round "-"]
[White "inexorable"]
[Black "David53"]
[Result "1-0"]
[WhiteCountry "USA"]
[BlackCountry "GER"]
[WhiteElo "1657"]
[WhiteRD "260"]
[BlackElo "1409"]
[BlackRD "117"]
[GameID "14138"]

1. e4 e5 2. Bc4 Nc6 3. Nf3 h6 4. d4 exd4 5. Nxd4 d6 6. O-O Nf6 7. Nxc6 bxc6 8. e5 Ng4 9. e6 Qh4 10. exf7+ Kd8
11. Bf4 Nxh2 12. Re1 Qxf4 13. Re8+
1-0

[Event "Tyler's first tournament-join and enjoy the games!"]
[Site "SchemingMind.com"]
[Date "2005.05.01"]
[Round "-"]
[White "inexorable"]
[Black "Claude"]
[Result "1-0"]
[WhiteCountry "USA"]
[BlackCountry "ROU"]
[WhiteElo "1914"]
[WhiteRD "129"]
[BlackElo "1631"]
[BlackRD "90"]
[GameID "14139"]

1. e4 e6 2. d4 d5 3. Nc3 Bb4 4. e5 c5 5. a3 Bxc3+ 6. bxc3 Ne7 7. Qg4 Ng6 8. h4 h5 9. Qg3 Nc6 10. Bd3 Nce7
11. dxc5 Qa5 12. Ne2 Qxc5 13. Be3 Qc7 14. Bd4 Bd7 15. a4 Rh6 16. a5
1-0

[Event "Tyler's first tournament-join and enjoy the games!"]
[Site "SchemingMind.com"]
[Date "2005.05.01"]
[Round "-"]
[White "inexorable"]
[Black "kemboiipoorfather"]
[Result "1-0"]
[WhiteCountry "USA"]
[BlackCountry "ENG"]
[WhiteElo "1821"]
[WhiteRD "160"]
[BlackElo "1135"]
[BlackRD "114"]
[GameID "14141"]

1. e4 e5 2. Bc4 Bc5 3. Nf3 d6 4. c3 Nh6 5. d4 Qf6 6. dxc5 dxc5 7. Bg5 Qd6 8. Qb3 Nc6 9. Bxh6 gxh6 10. Bxf7+ Ke7
11. Qd5 Rf8 12. Qxd6+ cxd6 13. Bd5 Na5 14. Nbd2 Rb8 15. Nb3 b6 16. Nxa5 bxa5 17. O-O-O a4 18. Rd2 a3 19. b3 c4 20. Bxc4 a5
21. Nh4 Bb7 22. Nf5+ Kf6 23. Rxd6+ Kg5 24. f3 Rfd8 25. h4+ Kf4 26. Rf1 Rxd6 27. g3#
1-0

[Event "Tyler's first tournament-join and enjoy the games!"]
[Site "SchemingMind.com"]
[Date "2005.05.06"]
[Round "-"]
[White "Scarian"]
[Black "inexorable"]
[Result "0-1"]
[WhiteCountry "GBR"]
[BlackCountry "USA"]
[WhiteElo "1763"]
[WhiteRD "76"]
[BlackElo "1987"]
[BlackRD "114"]
[GameID "14142"]

1. e4 e5 2. Nf3 Nc6 3. Bb5 Nf6 4. d3 Bc5 5. Bxc6 dxc6 6. O-O Qd6 7. c3 Bg4 8. h3 Bh5 9. g4 Bg6 10. d4 Bb6
11. Nbd2 Nxe4 12. Re1 Nxd2 13. Rxe5+ Kd7 14. Nxd2 Rhe8 15. Nc4 Qf8 16. Rxe8 Kxe8
0-1

[Event "Tyler's first tournament-join and enjoy the games!"]
[Site "SchemingMind.com"]
[Date "2005.05.01"]
[Round "-"]
[White "Tyler"]
[Black "inexorable"]
[Result "0-1"]
[WhiteCountry "SUI"]
[BlackCountry "USA"]
[WhiteElo "1743"]
[WhiteRD "82"]
[BlackElo "1904"]
[BlackRD "138"]
[GameID "14143"]

1. e4 e5 2. Nf3 Nc6 3. Bb5 Nf6 4. O-O Bc5 5. d3 d6 6. Bg5 h6 7. Be3 Bb6 8. Nbd2 Bg4 9. h3 Bh5 10. Bxb6 axb6
11. Qe1 O-O 12. c3 Ne7 13. a3 c6 14. Bc4 Bxf3 15. Nxf3 Ng6 16. Nd2 Re8 17. f3 d5 18. exd5 Nxd5 19. Bxd5 cxd5 20. Qf2 Nf4
21. Qe3 Qg5
0-1

[Event "Tyler's first tournament-join and enjoy the games!"]
[Site "SchemingMind.com"]
[Date "2005.05.02"]
[Round "-"]
[White "cnbcad"]
[Black "inexorable"]
[Result "0-1"]
[WhiteCountry "USA"]
[BlackCountry "USA"]
[WhiteElo "1540"]
[WhiteRD "57"]
[BlackElo "1821"]
[BlackRD "160"]
[GameID "14144"]

1. e4 e5 2. Nf3 Nc6 3. Bc4 Bc5 4. O-O Nf6 5. Nc3 d6 6. Ng5 O-O 7. d3 h6 8. Nf3 Bg4 9. h3 Bh5 10. Nd5 Nd4
11. g4 Bg6 12. c3 Ne6 13. b4 Bb6 14. h4 Nxg4 15. Nxe5 Nxe5 16. h5 Qh4 17. hxg6 Ng4 18. Nf6+ gxf6 19. Bf4 Nxf4 20. Bxf7+ Kg7
0-1

[Event "Tyler's first tournament-join and enjoy the games!"]
[Site "SchemingMind.com"]
[Date "2005.05.01"]
[Round "-"]
[White "Gordon"]
[Black "inexorable"]
[Result "1-0"]
[WhiteCountry "ENG"]
[BlackCountry "USA"]
[WhiteElo "2173"]
[WhiteRD "63"]
[BlackElo "1914"]
[BlackRD "129"]
[GameID "14145"]

1. e4 e5 2. Nf3 Nc6 3. d4 exd4 4. Nxd4 Qh4 5. Nc3 Bb4 6. Be2 Qxe4 7. Nb5 Bxc3+ 8. bxc3 Kd8 9. O-O Nf6 10. Rb1 Re8
11. Bf3 Qc4 12. Bg5 a6 13. Nd4 Qxc3 14. Nxc6+ bxc6 15. Rb3 Qc5 16. Be3 Qc4 17. Bd4 Qe6 18. Qd2 Qd6 19. Rd3 h6 20. Bb2 Qe6
21. Re3 Qd6 22. Rfe1 Rxe3 23. Qxe3 Qf8 24. Qxh6 Ne8 25. Bxg7
1-0

[Event "Tyler's first tournament-join and enjoy the games!"]
[Site "SchemingMind.com"]
[Date "2005.05.01"]
[Round "-"]
[White "David53"]
[Black "inexorable"]
[Result "0-1"]
[WhiteCountry "GER"]
[BlackCountry "USA"]
[WhiteElo "1509"]
[WhiteRD "99"]
[BlackElo "1821"]
[BlackRD "160"]
[GameID "14146"]

1. e4 e5 2. Nf3 Nc6 3. d4 exd4 4. Nxd4 Qh4 5. Nc3 Bb4 6. Qd3 Nf6 7. Nf5 Qxe4+ 8. Qe3 O-O 9. Bd2 Qxf5 10. Bd3 Qe5
11. Be4 Bxc3
0-1

[Event "Tyler's first tournament-join and enjoy the games!"]
[Site "SchemingMind.com"]
[Date "2005.05.01"]
[Round "-"]
[White "kemboiipoorfather"]
[Black "inexorable"]
[Result "0-1"]
[WhiteCountry "ENG"]
[BlackCountry "USA"]
[WhiteElo "1135"]
[WhiteRD "114"]
[BlackElo "1821"]
[BlackRD "160"]
[GameID "14149"]

1. e4 e5 2. Bc4 Bc5 3. Qf3 Nf6 4. Nh3 O-O 5. d3 Nc6 6. Ng5 h6 7. Nh3 Nd4 8. Qf5 Nxf5 9. exf5 d5 10. Bb5 c6
11. Nc3 cxb5 12. Nxb5 Qa5+ 13. Nc3 d4 14. a3 dxc3 15. bxc3 Qxc3+ 16. Ke2 Qxa1 17. Kd2 Bxf5 18. Re1 Bxa3 19. Bxa3 Qxa3 20. Rxe5 Bxd3
21. f3 Bxc2 22. Nf4 Qd6+
0-1

[Event "Tyler's first tournament-join and enjoy the games!"]
[Site "SchemingMind.com"]
[Date "2005.05.02"]
[Round "-"]
[White "xixobrax"]
[Black "Tyler"]
[Result "0-1"]
[WhiteCountry "USA"]
[BlackCountry "SUI"]
[WhiteElo "1313"]
[WhiteRD "133"]
[BlackElo "1751"]
[BlackRD "77"]
[GameID "14177"]

1. b3 e5 2. Bb2 Nc6 3. Nf3 d6 4. e3 Bg4 5. c4 e4 6. h3 Bh5 7. g4 Bg6 8. Nd4 Nxd4 9. exd4 f5 10. Bg2 Qd7
11. Nc3 Nf6 12. d3 O-O-O 13. d5 exd3 14. Qxd3 fxg4 15. Qg3 Re8+ 16. Kd2 Nh5 17. Qxg4 Be7 18. Qxd7+ Kxd7 19. Nb5 a6 20. Na3 Bg5+
0-1

[Event "Tyler's first tournament-join and enjoy the games!"]
[Site "SchemingMind.com"]
[Date "2005.05.02"]
[Round "-"]
[White "xixobrax"]
[Black "cnbcad"]
[Result "0-1"]
[WhiteCountry "USA"]
[BlackCountry "USA"]
[WhiteElo "1321"]
[WhiteRD "193"]
[BlackElo "1552"]
[BlackRD "65"]
[GameID "14178"]

1. b3 e5 2. Bb2 Nc6 3. e3 d5 4. Bb5 a6 5. Bxc6+ bxc6 6. Bxe5 Qg5 7. Bg3 Qf6 8. d4 Nh6 9. f3 c5 10. dxc5 Qxa1
0-1

[Event "Tyler's first tournament-join and enjoy the games!"]
[Site "SchemingMind.com"]
[Date "2005.05.02"]
[Round "-"]
[White "xixobrax"]
[Black "inexorable"]
[Result "0-1"]
[WhiteCountry "USA"]
[BlackCountry "USA"]
[WhiteElo "1313"]
[WhiteRD "133"]
[BlackElo "1821"]
[BlackRD "160"]
[GameID "14179"]

1. b3 d5 2. Bb2 Bg4 3. g3 c5 4. Bg2 Nc6 5. f3 Bh5 6. g4 Bg6 7. Nc3 e6 8. Nh3 d4 9. Ne4 Bxe4 10. fxe4 e5
11. e3 Bd6 12. exd4 exd4 13. Qf3 Ne5 14. Nf4 Nxf3+ 15. Bxf3 Bxf4 16. e5 Qc7 17. O-O-O Bxe5 18. Rhe1 O-O-O
0-1

[Event "Tyler's first tournament-join and enjoy the games!"]
[Site "SchemingMind.com"]
[Date "2005.05.02"]
[Round "-"]
[White "xixobrax"]
[Black "Gordon"]
[Result "0-1"]
[WhiteCountry "USA"]
[BlackCountry "ENG"]
[WhiteElo "1321"]
[WhiteRD "193"]
[BlackElo "2067"]
[BlackRD "61"]
[GameID "14180"]

1. b3 e5 2. Bb2 d6 3. g3 f5 4. e3 Nf6 5. Bg2 c6 6. c4 Be7 7. Ne2 O-O 8. f3 Be6 9. O-O Nbd7 10. Nbc3 Qe8
11. d4 Qh5 12. h4 Rae8 13. d5 Bf7 14. Qd2 cxd5 15. cxd5 Bd8 16. Rad1 Bb6 17. Bh3 f4 18. Bxd7 Bxe3+ 19. Qxe3 fxe3 20. Bxe8 Rxe8
21. Nc1 e4 22. fxe4 Nxe4 23. Nxe4 Rxe4 24. Rd4 Rxd4 25. Bxd4 e2 26. Nxe2 Qxe2 27. Rc1 Bxd5 28. Bxa7 Qg2#
0-1

[Event "Tyler's first tournament-join and enjoy the games!"]
[Site "SchemingMind.com"]
[Date "2005.05.02"]
[Round "-"]
[White "xixobrax"]
[Black "David53"]
[Result "0-1"]
[WhiteCountry "USA"]
[BlackCountry "GER"]
[WhiteElo "1264"]
[WhiteRD "128"]
[BlackElo "1509"]
[BlackRD "98"]
[GameID "14181"]

1. b3 e5 2. Bb2 Nc6 3. e3 d5 4. Bb5 e4 5. Bxc6+ bxc6 6. Nc3 Nf6 7. Nge2 Bd6 8. Nd4 Bd7 9. O-O O-O 10. d3 c5
11. Ndb5 Be5 12. Na4 Bxb2 13. Nxb2 Bxb5 14. a4 Bd7 15. dxe4 dxe4 16. Nc4 Qe7 17. h3 Be6 18. Ne5 Bxh3 19. Nc6 Qe6 20. gxh3 Qxc6
21. c4 Rad8 22. Qe2 Qe6 23. Rad1 Qxh3 24. f3 Rxd1 25. Qxd1 Nh5 26. Kf2 Qg3+ 27. Ke2 Qg2+ 28. Ke1 Ng3 29. Rg1 Qxg1+ 30. Kd2 Rd8+
0-1

[Event "Tyler's first tournament-join and enjoy the games!"]
[Site "SchemingMind.com"]
[Date "2005.05.02"]
[Round "-"]
[White "xixobrax"]
[Black "Claude"]
[Result "0-1"]
[WhiteCountry "USA"]
[BlackCountry "ROU"]
[WhiteElo "1321"]
[WhiteRD "193"]
[BlackElo "1785"]
[BlackRD "92"]
[GameID "14182"]

1. b3 e5 2. Bb2 Nc6 3. e3 d5 4. Bb5 Bd6 5. f4 Qe7 6. Nf3 Bg4 7. fxe5 Bxf3 8. Bxc6+ bxc6 9. Qxf3 Bxe5 10. Bxe5 Qxe5
11. d4 Qd6 12. O-O Nf6 13. Nc3 O-O 14. Qf4 Qxf4 15. exf4 Rfe8 16. Rae1 Ne4 17. Nxe4 Rxe4 18. c3 Rae8 19. a4 Rxe1
0-1

[Event "Tyler's first tournament-join and enjoy the games!"]
[Site "SchemingMind.com"]
[Date "2005.05.02"]
[Round "-"]
[White "xixobrax"]
[Black "kemboiipoorfather"]
[Result "1-0"]
[WhiteCountry "USA"]
[BlackCountry "ENG"]
[WhiteElo "1313"]
[WhiteRD "133"]
[BlackElo "1135"]
[BlackRD "114"]
[GameID "14184"]

1. b3 e5 2. Bb2 Bc5 3. e3 Qf6 4. Nf3 d6 5. c4 Nh6 6. h3 Bf5 7. g4 Be4 8. Bg2 Na6 9. g5 Nb4 10. gxf6 Nc2+
11. Qxc2 Bxc2 12. Nc3 gxf6 13. Nd5 Rc8 14. Nxf6+ Kd8 15. Ng4 e4 16. Nf6 Rg8 17. Nxh7 Rxg2 18. Rg1 Rg6 19. Nd4 Rxg1+ 20. Ke2 Rxa1
21. Bxa1 Kd7 22. Nxc2 Rh8 23. Bxh8 Nf5 24. d4 Bb4 25. Nxb4 c5 26. Nf8+
1-0

[Event "Tyler's first tournament-join and enjoy the games!"]
[Site "SchemingMind.com"]
[Date "2005.05.03"]
[Round "-"]
[White "Scarian"]
[Black "xixobrax"]
[Result "1-0"]
[WhiteCountry "GBR"]
[BlackCountry "USA"]
[WhiteElo "2031"]
[WhiteRD "87"]
[BlackElo "1303"]
[BlackRD "133"]
[GameID "14185"]

1. g3 d6 2. d4 g6 3. Bg2 Bg7 4. Nf3 e6 5. Nc3 Ne7 6. e4 a6 7. h3 b5 8. Bf4 e5 9. dxe5 dxe5 10. Qxd8+ Kxd8
11. O-O-O+ Nd7 12. Bxe5 Rg8 13. Bxg7 Rxg7 14. Rd2 b4 15. Nd5 Nxd5 16. exd5 Rg8 17. Nd4 Ne5 18. Re1 Re8 19. Nc6+
1-0

[Event "Tyler's first tournament-join and enjoy the games!"]
[Site "SchemingMind.com"]
[Date "2005.05.01"]
[Round "-"]
[White "Tyler"]
[Black "xixobrax"]
[Result "1-0"]
[WhiteCountry "SUI"]
[BlackCountry "USA"]
[WhiteElo "1749"]
[WhiteRD "78"]
[BlackElo "1303"]
[BlackRD "133"]
[GameID "14186"]

1. d4 f5 2. c4 e6 3. Nc3 Nf6 4. Bg5 Be7 5. g3 O-O 6. Bg2 Qe8 7. Qb3 d6 8. Bxb7 Bxb7 9. Qxb7 Nbd7 10. Nb5 Rb8
11. Qxa7 Ra8 12. Qxc7 Rc8 13. Qb7 Ne4 14. Bxe7 Qxe7 15. b3 Rb8 16. Qc7 Rbc8 17. Qa5 Ra8 18. Qb4 Rfc8 19. f3 Ndf6 20. fxe4 Ng4
21. Qxd6 Qxd6 22. Nxd6 Rf8 23. Nf3 Ne3 24. Kd2 f4 25. gxf4 Rxf4 26. Kxe3
1-0

[Event "Tyler's first tournament-join and enjoy the games!"]
[Site "SchemingMind.com"]
[Date "2005.05.02"]
[Round "-"]
[White "cnbcad"]
[Black "xixobrax"]
[Result "1-0"]
[WhiteCountry "USA"]
[BlackCountry "USA"]
[WhiteElo "1540"]
[WhiteRD "57"]
[BlackElo "1313"]
[BlackRD "133"]
[GameID "14187"]

1. e4 Nf6 2. e5 Nd5 3. c4 Nb6 4. d4 d6 5. b4 dxe5 6. d5 e6 7. c5 Qxd5 8. Qxd5 Nxd5 9. Bc4 Nc6 10. a3 Bd7
11. Nd2 Nc3 12. Bb2 Na4 13. Bc1 Nc3 14. Bb2 Na4 15. Ra2 Nxb2 16. Rxb2 Nd4 17. Ngf3 Nxf3+ 18. Nxf3 a6 19. O-O Bb5 20. Nxe5 Bxc4
21. Nxc4 Be7 22. Rd2 O-O 23. Rd7 b5 24. Ne5 Rad8 25. c6 Rxd7 26. cxd7 Bd6 27. Nc6
1-0